02007cam a22003974i 4500003000900000005001700009008004100026020001800067035002000085040003300105082001900138245011100157264002800268300004400296336002100340337002500361338002300386490006500409504004000474504003400514505089600548526001001444526001001454526001001464526001001474526000801484526000801492526000801500526000801508526000801516526000801524526000801532650001601540650001901556700003401575PE-LiUPU20250731173053.0180308s2017 ne rb 001 0 eng d a9789004347861 a(Sirsi) a241472 aPE-LiUPUbspacPE-LiUPUerda04a200.71bM422202aMethod and theory in the study of religion;bworking papers from Hannover /cedited by Steffen Führding. 1aLeiden :bBrill,c2017. avii, 276 páginas :c25 centímetros. atext2rdacontent aunmediated2rdamedia avolume2rdacarrier1 aSupplements to method & theory in the study of religion ;v8 aBibliografía : páginas 267-269. aÍndice : páginas 271-276.0 aTheory, method, hannover, and the study of religion -- Comparison, practice, and meaning: Martin Riesebrodt´s theory of religion -- A Plea for the study of religions -- Study of religions in the Era de globalization of differences: The concept of agonistic context -- "Man is the measure of all things": On the fabrication of Oriental religions by European history of religions -- Will the real fundamentalist please stand? Scholars and the category of ´fundamentalism´-- The ideology of religious studies revisited: The problem with politics -- Christian origins and the gospel of Mark -- God as hypothesis: Daniel Paul Schereber and the study of religion -- RS-Based RE-Uphill, and Uphill! -- The study of Islamic education, a Litmus test on State relations to Muslim Minorities -- Afterword: The Academic study of religions betwixt and betwixt and between different interests -- Index. aSEG42 aSEG41 aSEG40 aSEG39 aP94 aP87 aP86 aP85 aP77 aP76 aP3504aReligión.04aMetodología.1 aFührding, Steffen,eeditor.